<?xml version="1.0" encoding="UTF-8"?>
<record
    xmlns:xsi="http://www.w3.org/2001/XMLSchema-instance"
    xsi:schemaLocation="http://www.loc.gov/MARC21/slim http://www.loc.gov/standards/marcxml/schema/MARC21slim.xsd"
    xmlns="http://www.loc.gov/MARC21/slim">

  <leader>01573nam0a22003131  4500</leader>
  <controlfield tag="001">rc\3708741</controlfield>
  <controlfield tag="005">20250610102308.0</controlfield>
  <datafield tag="021" ind1=" " ind2=" ">
    <subfield code="a">RU</subfield>
    <subfield code="b">[74-1926]</subfield>
  </datafield>
  <datafield tag="035" ind1=" " ind2=" ">
    <subfield code="a">(NLR Aleph) 007856966</subfield>
  </datafield>
  <datafield tag="090" ind1=" " ind2=" ">
    <subfield code="a">7792193</subfield>
    <subfield code="c">7792193</subfield>
  </datafield>
  <datafield tag="100" ind1=" " ind2=" ">
    <subfield code="a">20130115d1973    |||y0rusy50      ca</subfield>
  </datafield>
  <datafield tag="101" ind1="0" ind2=" ">
    <subfield code="a">rus</subfield>
  </datafield>
  <datafield tag="102" ind1=" " ind2=" ">
    <subfield code="a">RU</subfield>
  </datafield>
  <datafield tag="105" ind1=" " ind2=" ">
    <subfield code="a">a   z   |||||</subfield>
  </datafield>
  <datafield tag="200" ind1="1" ind2=" ">
    <subfield code="a">&#x41F;&#x43E;&#x432;&#x44B;&#x448;&#x435;&#x43D;&#x438;&#x435; &#x43D;&#x430;&#x434;&#x435;&#x436;&#x43D;&#x43E;&#x441;&#x442;&#x438; &#x438; &#x434;&#x43E;&#x43B;&#x433;&#x43E;&#x432;&#x435;&#x447;&#x43D;&#x43E;&#x441;&#x442;&#x438; &#x430;&#x432;&#x442;&#x43E;&#x43C;&#x430;&#x442;&#x43E;&#x432; &#x434;&#x43B;&#x44F; &#x445;&#x43E;&#x43B;&#x43E;&#x434;&#x43D;&#x43E;&#x439; &#x43E;&#x431;&#x44A;&#x435;&#x43C;&#x43D;&#x43E;&#x439; &#x448;&#x442;&#x430;&#x43C;&#x43F;&#x43E;&#x432;&#x43A;&#x438; &#x43F;&#x440;&#x438; &#x438;&#x445; &#x43F;&#x440;&#x43E;&#x435;&#x43A;&#x442;&#x438;&#x440;&#x43E;&#x432;&#x430;&#x43D;&#x438;&#x438; &#x438; &#x44D;&#x43A;&#x441;&#x43F;&#x43B;&#x443;&#x430;&#x442;&#x430;&#x446;&#x438;&#x438;</subfield>
    <subfield code="e">[&#x41E;&#x431;&#x437;&#x43E;&#x440;]</subfield>
    <subfield code="f">&#x41C;-&#x432;&#x43E; &#x441;&#x442;&#x430;&#x43D;&#x43A;&#x43E;&#x441;&#x442;&#x440;&#x43E;&#x438;&#x442;. &#x438; &#x438;&#x43D;&#x441;&#x442;&#x440;&#x443;&#x43C;&#x435;&#x43D;&#x442;. &#x43F;&#x440;&#x43E;&#x43C;-&#x441;&#x442;&#x438;. &#x413;&#x43B;. &#x442;&#x435;&#x445;&#x43D;. &#x443;&#x43F;&#x440;. &#x41D;&#x430;&#x443;&#x447;.-&#x438;&#x441;&#x441;&#x43B;&#x435;&#x434;. &#x438;&#x43D;-&#x442; &#x438;&#x43D;&#x444;&#x43E;&#x440;&#x43C;&#x430;&#x446;&#x438;&#x438; &#x43F;&#x43E; &#x43C;&#x430;&#x448;&#x438;&#x43D;&#x43E;&#x441;&#x442;&#x440;&#x43E;&#x435;&#x43D;&#x438;&#x44E; "&#x41D;&#x418;&#x418;&#x43C;&#x430;&#x448;"</subfield>
  </datafield>
  <datafield tag="210" ind1=" " ind2=" ">
    <subfield code="a">&#x41C;&#x43E;&#x441;&#x43A;&#x432;&#x430;</subfield>
    <subfield code="c">[&#x41D;&#x418;&#x418;&#x43C;&#x430;&#x448;]</subfield>
    <subfield code="d">1973</subfield>
  </datafield>
  <datafield tag="215" ind1=" " ind2=" ">
    <subfield code="a">103 &#x441;.</subfield>
    <subfield code="c">&#x447;&#x435;&#x440;&#x442;.</subfield>
    <subfield code="d">22</subfield>
  </datafield>
  <datafield tag="225" ind1="1" ind2=" ">
    <subfield code="a">&#x421;&#x435;&#x440;&#x438;&#x44F; C-III. [&#x41A;&#x443;&#x437;&#x43D;&#x435;&#x447;&#x43D;&#x43E;-&#x43F;&#x440;&#x435;&#x441;&#x441;&#x43E;&#x432;&#x43E;&#x435; &#x43C;&#x430;&#x448;&#x438;&#x43D;&#x43E;&#x441;&#x442;&#x440;&#x43E;&#x435;&#x43D;&#x438;&#x435;]</subfield>
  </datafield>
  <datafield tag="300" ind1=" " ind2=" ">
    <subfield code="a">&#x410;&#x432;&#x442;. &#x443;&#x43A;&#x430;&#x437;&#x430;&#x43D;&#x44B; &#x43D;&#x430; &#x43E;&#x431;&#x43E;&#x440;&#x43E;&#x442;&#x435; &#x442;&#x438;&#x442;. &#x43B;.: &#x41B;.&#x421;. &#x41A;&#x43E;&#x445;&#x430;&#x43D;, &#x413;.&#x410;. &#x41D;&#x430;&#x432;&#x440;&#x43E;&#x446;&#x43A;&#x438;&#x439;, &#x412;.&#x418;. &#x41F;&#x43E;&#x442;&#x430;&#x43F;&#x43E;&#x432;</subfield>
  </datafield>
  <datafield tag="606" ind1=" " ind2=" ">
    <subfield code="a">&#x428;&#x442;&#x430;&#x43C;&#x43F;&#x43E;&#x432;&#x43E;&#x447;&#x43D;&#x44B;&#x435; &#x430;&#x432;&#x442;&#x43E;&#x43C;&#x430;&#x442;&#x44B;</subfield>
    <subfield code="x">&#x41D;&#x430;&#x434;&#x435;&#x436;&#x43D;&#x43E;&#x441;&#x442;&#x44C;</subfield>
    <subfield code="2">psbo</subfield>
  </datafield>
  <datafield tag="700" ind1=" " ind2="1">
    <subfield code="a">&#x41A;&#x43E;&#x445;&#x430;&#x43D;</subfield>
    <subfield code="b">&#x41B;.&#x421;.</subfield>
    <subfield code="g">&#x41B;&#x435;&#x432; &#x421;&#x43E;&#x43B;&#x43E;&#x43C;&#x43E;&#x43D;&#x43E;&#x432;&#x438;&#x447;</subfield>
  </datafield>
  <datafield tag="701" ind1=" " ind2="1">
    <subfield code="7">ca</subfield>
    <subfield code="8">rus</subfield>
    <subfield code="a">&#x41D;&#x430;&#x432;&#x440;&#x43E;&#x446;&#x43A;&#x438;&#x439;</subfield>
    <subfield code="b">&#x413;. &#x410;.</subfield>
    <subfield code="f">1908-1993</subfield>
    <subfield code="g">&#x413;&#x435;&#x43E;&#x440;&#x433;&#x438;&#x439; &#x410;&#x43B;&#x435;&#x43A;&#x441;&#x430;&#x43D;&#x434;&#x440;&#x43E;&#x432;&#x438;&#x447;</subfield>
    <subfield code="9">265754</subfield>
    <subfield code="3">RU\NLR\AUTH\770265810</subfield>
  </datafield>
  <datafield tag="701" ind1=" " ind2="1">
    <subfield code="a">&#x41F;&#x43E;&#x442;&#x430;&#x43F;&#x43E;&#x432;</subfield>
    <subfield code="b">&#x412;.&#x418;.</subfield>
  </datafield>
  <datafield tag="801" ind1=" " ind2="0">
    <subfield code="a">RU</subfield>
    <subfield code="b">NLR</subfield>
    <subfield code="g">psbo</subfield>
  </datafield>
  <datafield tag="801" ind1=" " ind2="1">
    <subfield code="a">RU</subfield>
    <subfield code="b">ELAR</subfield>
    <subfield code="2">rusmarc</subfield>
  </datafield>
  <datafield tag="852" ind1=" " ind2=" ">
    <subfield code="a">NLR</subfield>
    <subfield code="j">73-5/5799</subfield>
  </datafield>
  <datafield tag="942" ind1=" " ind2=" ">
    <subfield code="c">BOOK</subfield>
  </datafield>
  <datafield tag="980" ind1=" " ind2=" ">
    <subfield code="a">NB</subfield>
  </datafield>
  <datafield tag="995" ind1=" " ind2=" ">
    <subfield code="5">2013-10-26</subfield>
    <subfield code="b">NLR01</subfield>
    <subfield code="c">NLR01</subfield>
    <subfield code="e">RF91</subfield>
    <subfield code="f">7856966-10</subfield>
    <subfield code="k">73-5/5799</subfield>
    <subfield code="o">0</subfield>
    <subfield code="r">BOOK</subfield>
    <subfield code="s">7355799_</subfield>
  </datafield>
</record>
